[Event "Stuttgart-chB int"]
[Site "Ditzingen"]
[Date "2016.05.06"]
[Round "4"]
[White "Pocrnic, Josip"]
[Black "Kozina, Vinko"]
[Result "0-1"]
[WhiteElo "1787"]
[BlackElo "1855"]
[PlyCount "78"]
[EventDate "2016.05.05"]
[EventType "swiss"]
[EventRounds "7"]
[EventCountry "GER"]
[SourceTitle "EXT 2018"]
[Source "ChessBase"]
[SourceDate "2017.10.13"]
[SourceVersion "1"]
[SourceVersionDate "2017.10.13"]
[SourceQuality "1"]

1. e4 c5 2. Nf3 d6 3. Bb5+ Bd7 4. Bxd7+ Nxd7 5. d4 g6 6. 0-0 Bg7 7. c3 Ngf6 8. Re1 0-0 9. Qb3 Qc7 10. h3 cxd4 11. Nxd4 a6 12. Bg5 h6 13. Bxf6 Bxf6 14. Nd2 b5 15. N2f3 Nc5 16. Qd1 Rad8 17. Qe2 e5 18. Nc2 Ne6 19. Nb4 Nf4 20. Qd2 Qc8 21. Nd5 Nxd5 22. Qxd5 Qc7 23. a4 Rb8 24. axb5 axb5 25. Ra6 Be7 26. Rea1 Rb7 27. Qc6 Rc8 28. Qxc7 Rcxc7 29. Nd2 f5 30. f3 Kf7 31. Kf1 Ke6 32. Ke2 Bg5 33. Nb3 b4 34. Na5 Rb5 35. Rd1 bxc3 36. Rdxd6+ Kf7 37. bxc3 Rb2+ 38. Kf1 Rxc3 39. Rac6 Ra3 0-1

[Event "Wuertemberg-ch Seniors 27th"]
[Site "Freudenstadt"]
[Date "2015.07.10"]
[Round "9"]
[White "Pocrnic, Josip"]
[Black "Gousseinov, Aguif"]
[Result "1/2-1/2"]
[WhiteElo "1823"]
[BlackElo "1991"]
[PlyCount "112"]
[EventDate "2015.07.03"]
[EventType "swiss"]
[EventRounds "9"]
[EventCountry "GER"]
[SourceTitle "EXT 2016"]
[Source "ChessBase"]
[SourceDate "2015.10.08"]
[SourceVersion "1"]
[SourceVersionDate "2015.10.08"]
[SourceQuality "1"]

1. e4 e5 2. Nf3 Nf6 3. d3 Nc6 4. g3 Bc5 5. Bg2 d6 6. c3 Bg4 7. 0-0 0-0 8. a4 a5 9. Be3 Qe7 10. Qd2 Rad8 11. h3 Bc8 12. c4 Nb4 13. Na3 c6 14. Ne1 d5 15. cxd5 cxd5 16. Bxc5 Qxc5 17. Rc1 Qe7 18. Qc3 b6 19. Qc7 Qxc7 20. Rxc7 dxe4 21. dxe4 Ba6 22. f3 Bxf1 23. Bxf1 Rc8 24. Rb7 Rb8 25. Re7 Rfe8 26. Rc7 Kf8 27. Nc4 Re7 28. Rxe7 Kxe7 29. Nxe5 Nd7 30. Nxd7 Kxd7 31. Bb5+ Ke7 32. Kf2 Rc8 33. Ke2 Nc2 34. Bd3 Nxe1 35. Kxe1 g5 36. Kd2 h5 37. f4 gxf4 38. gxf4 Kd6 39. b3 f6 40. h4 Rg8 41. Be2 Rg3 42. Bxh5 Rh3 43. Bf7 Rxh4 44. Ke3 Rg4 45. Bc4 Rg1 46. Kd4 Rd1+ 47. Bd3 Ke6 48. Ke3 Re1+ 49. Kd4 Kd6 50. Bc4 Rd1+ 51. Bd3 Rd2 52. e5+ fxe5+ 53. fxe5+ Ke6 54. Ke3 Rxd3+ 55. Kxd3 Kxe5 56. Kc4 Kd6 1/2-1/2

[Event "Stuttgart-chB op"]
[Site "Ditzingen"]
[Date "2015.05.16"]
[Round "6"]
[White "Herbst, Rudolf"]
[Black "Pocrnic, Josip"]
[Result "1/2-1/2"]
[WhiteElo "1681"]
[BlackElo "1782"]
[PlyCount "81"]
[EventDate "2015.05.17"]
[EventType "swiss"]
[EventRounds "7"]
[EventCountry "GER"]
[SourceTitle "EXT 2018"]
[Source "ChessBase"]
[SourceDate "2017.10.13"]
[SourceVersion "1"]
[SourceVersionDate "2017.10.13"]
[SourceQuality "1"]

1. c4 Nf6 2. Nc3 e6 3. e4 d5 4. e5 Nfd7 5. d4 dxc4 6. Bxc4 Nb6 7. Bb3 c6 8. Nf3 Be7 9. Be3 Na6 10. a3 Nc7 11. 0-0 0-0 12. Qd3 Nbd5 13. Nxd5 Nxd5 14. Bc2 g6 15. Bh6 Re8 16. Qd2 Rb8 17. Ng5 b6 18. Be4 Ba6 19. Rfc1 Rc8 20. Bxd5 Qxd5 21. Qf4 Bxg5 22. Bxg5 f5 23. exf6 Rf8 24. Re1 Rf7 25. Re5 Qd7 26. Rae1 Bc4 27. Bh6 Rd8 28. Rd1 Rc8 29. Bg7 Bd5 30. Re3 Qc7 31. Qh6 a5 32. Rh3 Rxg7 33. fxg7 Qxg7 34. Qf4 a4 35. Re3 Qd7 36. Rde1 Re8 37. Qf6 b5 38. f4 Rf8 39. Qg5 Rf5 40. Qg3 Qd6 41. Re5 1/2-1/2

[Event "Stuttgart-chB int"]
[Site "Ditzingen"]
[Date "2014.05.31"]
[Round "6"]
[White "Pocrnic, Josip"]
[Black "Pibernik, Dario"]
[Result "1-0"]
[WhiteElo "1805"]
[BlackElo "1609"]
[PlyCount "41"]
[EventDate "2014.05.29"]
[EventType "swiss"]
[EventRounds "7"]
[EventCountry "GER"]
[SourceTitle "EXT 2015"]
[Source "ChessBase"]
[SourceDate "2014.11.20"]
[SourceVersion "1"]
[SourceVersionDate "2014.11.20"]
[SourceQuality "1"]

1. e4 e5 2. Nf3 Nc6 3. Bc4 Nf6 4. d3 Be7 5. Nc3 0-0 6. Bg5 d6 7. Qd2 Bg4 8. h3 Bxf3 9. gxf3 Nd4 10. Qd1 Ne6 11. Be3 Nh5 12. Qd2 Nef4 13. 0-0-0 a6 14. Kb1 b5 15. Bb3 a5 16. a4 bxa4 17. Bxa4 Rb8 18. Ne2 Bg5 19. Ng3 Nf6 20. h4 Bh6 21. Nf5 1-0

[Event "Baden-ch Seniors"]
[Site "Birkenfeld"]
[Date "2013.06.02"]
[Round "9"]
[White "Herrmann, Peter"]
[Black "Pocrnic, Josip"]
[Result "1-0"]
[WhiteElo "1647"]
[BlackElo "1865"]
[PlyCount "57"]
[EventDate "2013.05.25"]
[EventType "swiss"]
[EventRounds "9"]
[EventCountry "GER"]
[SourceTitle "EXT 2014"]
[Source "ChessBase"]
[SourceDate "2013.11.20"]
[SourceVersion "1"]
[SourceVersionDate "2013.11.20"]
[SourceQuality "1"]

1. d4 Nf6 2. c4 g6 3. Nc3 d5 4. Nf3 Bg7 5. e3 e6 6. Bd3 c6 7. 0-0 dxc4 8. Bxc4 b5 9. Bd3 Bb7 10. Qe2 0-0 11. e4 a6 12. h3 Nbd7 13. Be3 Rc8 14. Rfd1 Qc7 15. Rac1 Qb8 16. b4 Rfe8 17. Qd2 e5 18. dxe5 Nxe5 19. Nxe5 Qxe5 20. f4 Qe6 21. Bc5 Rcd8 22. Qf2 Nd7 23. Be3 Qe7 24. a3 c5 25. bxc5 Nxc5 26. Bxc5 Qxc5 27. Qxc5 Bd4+ 28. Qxd4 Rxd4 29. Kf2 1-0

[Event "Stuttgart-chB int"]
[Site "Ditzingen"]
[Date "2013.05.09"]
[Round "1"]
[White "Pocrnic, Josip"]
[Black "Gheng, Hannelore"]
[Result "0-1"]
[WhiteElo "1865"]
[BlackElo "1691"]
[PlyCount "52"]
[EventDate "2013.05.09"]
[EventType "swiss"]
[EventRounds "7"]
[EventCountry "GER"]
[SourceTitle "EXT 2014"]
[Source "ChessBase"]
[SourceDate "2013.11.20"]
[SourceVersion "1"]
[SourceVersionDate "2013.11.20"]
[SourceQuality "1"]

1. e4 c5 2. Nf3 d6 3. d4 cxd4 4. Nxd4 Nf6 5. Nc3 g6 6. Be3 Bg7 7. Bc4 0-0 8. f3 Nc6 9. Qd2 Bd7 10. 0-0-0 Rc8 11. Bb3 Nxd4 12. Bxd4 b5 13. Bxa7 b4 14. Nd5 Nxd5 15. Qxd5 Ra8 16. Be3 Be6 17. Qd3 Qa5 18. Kd2 Bxb2 19. Ke2 Rfc8 20. Bd2 Bxb3 21. axb3 Qc5 22. Rb1 Ra2 23. Rhd1 Qxc2 24. Qxc2 Rxc2 25. Ke1 Bc3 26. Bxc3 bxc3 0-1

[Event "Baden-ch Seniors"]
[Site "Emmendingen"]
[Date "2012.06.10"]
[Round "9"]
[White "Pocrnic, Josip"]
[Black "Illner, Erwin"]
[Result "0-1"]
[WhiteElo "1855"]
[BlackElo "2006"]
[PlyCount "88"]
[EventDate "2012.06.02"]
[EventType "swiss"]
[EventRounds "9"]
[EventCountry "GER"]
[SourceTitle "CBM 148 Extra"]
[Source "ChessBase"]
[SourceDate "2012.06.22"]
[SourceVersion "1"]
[SourceVersionDate "2012.06.22"]
[SourceQuality "1"]

1. e4 c5 2. Nc3 e6 3. Nf3 d5 4. Bb5+ Bd7 5. exd5 Bxb5 6. Nxb5 exd5 7. Qe2+ Be7 8. d4 a6 9. Nc3 Nf6 10. dxc5 0-0 11. 0-0 Nc6 12. Bg5 Ne4 13. Nxe4 dxe4 14. Rfd1 exf3 15. Qxf3 Qc7 16. Bf4 Qc8 17. Bd6 Rd8 18. Rd5 Qe6 19. Rad1 Rd7 20. b4 Bxd6 21. Rxd6 Rxd6 22. cxd6 Rd8 23. a3 Rxd6 24. g3 Rxd1+ 25. Qxd1 g6 26. Qd3 h5 27. c4 Kh7 28. c5 h4 29. gxh4 Qg4+ 30. Kh1 Qxh4 31. Qf3 Qe7 32. Qh3+ Kg7 33. Qc3+ Qf6 34. Qe3 Ne5 35. Kg2 Nc6 36. Qe4 Qd4 37. Qf3 f5 38. Qb3 Qg4+ 39. Kf1 Nd4 40. Qc3 Qd1+ 41. Kg2 f4 42. h3 g5 43. Kh2 Kh6 44. h4 g4 0-1

[Event "Baden-ch Seniors"]
[Site "Emmendingen"]
[Date "2012.06.05"]
[Round "4"]
[White "Pocrnic, Josip"]
[Black "Schmidt, Wolfgang"]
[Result "1/2-1/2"]
[WhiteElo "1855"]
[BlackElo "2249"]
[PlyCount "48"]
[EventDate "2012.06.02"]
[EventType "swiss"]
[EventRounds "9"]
[EventCountry "GER"]
[SourceTitle "CBM 148 Extra"]
[Source "ChessBase"]
[SourceDate "2012.06.22"]
[SourceVersion "1"]
[SourceVersionDate "2012.06.22"]
[SourceQuality "1"]

1. e4 g6 2. d4 Bg7 3. Nc3 d6 4. Be3 c6 5. a4 a5 6. Nf3 Nf6 7. h3 0-0 8. Be2 Qc7 9. 0-0 e5 10. dxe5 dxe5 11. Nd2 Be6 12. Nc4 Rd8 13. Qc1 Nbd7 14. Rd1 Bf8 15. f3 Nh5 16. Bf2 Nf4 17. Bf1 Nc5 18. Rxd8 Rxd8 19. Qe1 Bxc4 20. Bxc4 Qe7 21. Ne2 Nce6 22. Nxf4 Nxf4 23. Kh1 Qg5 24. Bf1 Ra8 1/2-1/2

[Event "Stuttgart-chB int"]
[Site "Gerlingen"]
[Date "2011.06.04"]
[Round "6"]
[White "Pocrnic, Josip"]
[Black "Werner, Stefan1111"]
[Result "1-0"]
[WhiteElo "1824"]
[BlackElo "1707"]
[PlyCount "100"]
[EventDate "2011.06.02"]
[EventType "swiss"]
[EventRounds "7"]
[EventCountry "GER"]
[SourceTitle "EXT 2018"]
[Source "ChessBase"]
[SourceDate "2017.10.13"]
[SourceVersion "1"]
[SourceVersionDate "2017.10.13"]
[SourceQuality "1"]

1. e4 e5 2. Nf3 Nc6 3. Bc4 Bc5 4. b4 Bxb4 5. c3 Ba5 6. 0-0 Nf6 7. d4 d6 8. dxe5 Nxe5 9. Nxe5 dxe5 10. Qb3 Be6 11. Bxe6 fxe6 12. Rd1 Nd7 13. Qxe6+ Qe7 14. Qd5 Bb6 15. Qxb7 Rd8 16. Qd5 Rf8 17. Ba3 Bxf2+ 18. Kh1 Bc5 19. Bxc5 Qxc5 20. Qb3 Qe7 21. Nd2 Qf7 22. Qa4 Qf2 23. Qc4 Qc5 24. Qe6+ Qe7 25. Qh3 Nf6 26. Qh4 h6 27. h3 Nd7 28. Qh5+ Qf7 29. Qe2 Qf2 30. Qc4 Qc5 31. Qb3 Rf2 32. Nf3 Qf8 33. Qe6+ Qe7 34. Qg4 Qf7 35. Rd5 Nf6 36. Rxd8+ Kxd8 37. Rd1+ Ke7 38. Qc8 Qe6 39. Qxc7+ Kf8 40. Nxe5 Ne8 41. Qc5+ Kg8 42. Qxf2 Qxe5 43. Qd4 Qe7 44. e5 Kh7 45. Qe4+ g6 46. Qd5 Ng7 47. Rb1 Qf8 48. c4 Qf5 49. Rd1 h5 50. c5 Ne6 1-0

[Event "Stuttgart-chB int"]
[Site "Ditzingen"]
[Date "2009.05.21"]
[Round "2"]
[White "Ziegler, Michael1111"]
[Black "Pocrnic, Josip"]
[Result "0-1"]
[WhiteElo "1700"]
[BlackElo "1823"]
[PlyCount "104"]
[EventDate "2009.05.21"]
[EventType "swiss"]
[EventRounds "7"]
[EventCountry "GER"]
[SourceTitle "EXT 2018"]
[Source "ChessBase"]
[SourceDate "2017.10.13"]
[SourceVersion "1"]
[SourceVersionDate "2017.10.13"]
[SourceQuality "1"]

1. e4 e6 2. Nf3 d5 3. exd5 exd5 4. d4 Bd6 5. Bd3 Ne7 6. 0-0 h6 7. Nc3 c6 8. Re1 0-0 9. Bd2 Bg4 10. h3 Bh5 11. g4 Bg6 12. Be3 Qc7 13. Nh4 Re8 14. Nxg6 fxg6 15. Qf3 Rf8 16. Qg2 Rf7 17. Re2 Nd7 18. Rae1 Nf8 19. Bd2 Nh7 20. Re6 Nf8 21. R6e2 g5 22. Nd1 Nfg6 23. Bxg6 Nxg6 24. Re8+ Rf8 25. Rxa8 Rxa8 26. f3 Rf8 27. Qe2 Nh4 28. Rf1 Qf7 29. Be1 Nxf3+ 30. Kh1 Nxd4 31. Rxf7 Nxe2 32. Rxf8+ Kxf8 33. Ne3 g6 34. c3 Kf7 35. Nd1 Ke6 36. Nf2 Bg3 37. Kg2 Bxf2 38. Bxf2 a6 39. Be3 Nf4+ 40. Kg3 Nd3 41. b3 c5 42. h4 gxh4+ 43. Kxh4 h5 44. gxh5 gxh5 45. Kxh5 Kf5 46. Bd2 b5 47. Kh4 Ke4 48. Kg3 b4 49. cxb4 cxb4 50. Kg2 Kd4 51. Kg3 a5 52. Kg2 Ne5 0-1

[Event "Stuttgart-chB int"]
[Site "Ditzingen"]
[Date "2006.05.26"]
[Round "4"]
[White "Pocrnic, Josip"]
[Black "Grossberger, Thomas"]
[Result "1-0"]
[WhiteElo "1678"]
[BlackElo "1543"]
[PlyCount "65"]
[EventDate "2006.05.25"]
[EventType "swiss"]
[EventRounds "7"]
[EventCountry "GER"]
[SourceTitle "EXT 2018"]
[Source "ChessBase"]
[SourceDate "2017.10.13"]
[SourceVersion "1"]
[SourceVersionDate "2017.10.13"]
[SourceQuality "1"]

1. e4 Nf6 2. e5 Nd5 3. c4 Nb6 4. d4 d6 5. f4 dxe5 6. fxe5 Nc6 7. Be3 Bf5 8. Be2 e6 9. Nf3 Bb4+ 10. Nc3 Na5 11. Nd2 Qe7 12. 0-0 c6 13. a3 Bxc3 14. bxc3 Rd8 15. Qe1 Na4 16. Qc1 Nb6 17. Ra2 Bg6 18. Qe1 Kd7 19. Qf2 Kc7 20. d5 cxd5 21. Bc5 Qe8 22. Bd6+ Rxd6 23. exd6+ Kb8 24. c5 Nbc4 25. Nxc4 Nxc4 26. Bxc4 dxc4 27. Qf4 Qc6 28. Qxc4 Rc8 29. Rd1 Rd8 30. Rb2 Be4 31. Qb4 Rd7 32. a4 Qa6 33. Qxe4 1-0

[Event "Stuttgart-chB int"]
[Site "Ditzingen"]
[Date "2006.05.26"]
[Round "3"]
[White "Schaefer, Daniela"]
[Black "Pocrnic, Josip"]
[Result "0-1"]
[WhiteElo "1377"]
[BlackElo "1678"]
[PlyCount "76"]
[EventDate "2006.05.25"]
[EventType "swiss"]
[EventRounds "7"]
[EventCountry "GER"]
[SourceTitle "EXT 2018"]
[Source "ChessBase"]
[SourceDate "2017.10.13"]
[SourceVersion "1"]
[SourceVersionDate "2017.10.13"]
[SourceQuality "1"]

1. e4 e6 2. d3 d5 3. Nd2 Nf6 4. Ngf3 c5 5. g3 Nc6 6. Bg2 Be7 7. 0-0 0-0 8. Re1 Qc7 9. Nf1 dxe4 10. dxe4 Rd8 11. Qe2 b6 12. c3 Bb7 13. N3d2 e5 14. Ne3 a5 15. Ndc4 Nb8 16. Nd2 Nbd7 17. Nf5 Nf8 18. b3 Ba6 19. Qe3 Rd3 20. Qg5 Ne6 21. Nxe7+ Qxe7 22. Qxe5 g6 23. c4 Ng4 24. Qb2 Rad8 25. Bf1 R3d7 26. Bh3 h5 27. Bxg4 hxg4 28. Nf1 Nd4 29. Nd2 Bb7 30. Qb1 Qe6 31. Bb2 Nf3+ 32. Nxf3 gxf3 33. Kh1 Qh3 34. Rg1 f5 35. exf5 Rd2 36. g4 Rxf2 37. Be5 Rxh2+ 38. Bxh2 f2+ 0-1